| 000 | 00935cac a22003135a 4500 | ||
|---|---|---|---|
| 001 | 1201624 | ||
| 005 | 20150816143029.0 | ||
| 008 | 990208r1999 maua b 001 0 eng | ||
| 010 | _a 98071995 | ||
| 020 | _a039590806X | ||
| 020 | _a9780359908068 | ||
| 040 |
_aDLC _beng _cDLC _dEG-ScBUE |
||
| 050 | 0 | 0 |
_aHB172.5 _b.B675 1999 |
| 082 | 0 | 4 |
_a339 _bBOY _222 |
| 100 | 1 |
_aBoyes, William J. _97629 |
|
| 245 | 1 | 0 |
_aMacroeconomics / _cWilliam Boyes, Michael Melvin. |
| 250 | _a4th ed. | ||
| 260 |
_aBoston : _bHoughton Mifflin, _cc.1999. |
||
| 300 |
_a(various pagings) : _bill. (col.) ; _c26 cm. |
||
| 500 | _aIncludes indexes. | ||
| 504 | _aIncludes bibliographical references. | ||
| 590 | _aDoha Ragab | ||
| 650 | 0 |
_aMacroeconomics. _2BUEsh |
|
| 651 | _2BUEsh | ||
| 653 |
_bBUSECO _cAugust2015 |
||
| 700 | 1 |
_aMelvin, Michael, _d1948- |
|
| 942 |
_2ddc _cBB |
||
| 999 |
_c10753 _d10753 |
||